000 00657nam a2200253 4500
001 16427
003 OSt
005 20230628144721.0
007 tu
008 111215|||||||||||| ger
040 _aDE-2950
_cDE-2950
100 1 _aWilde, Oscar
245 0 4 _aEin idealer Gatte:
_bSchauspiel aus der Gesellschaft/
_cvon Oscar Wilde
300 _a157 S.
365 _c
546 _adeutsch
650 0 4 _aTheater
650 0 4 _aFrankfurt (Oder)
650 0 4 _aRegiebuch
650 0 4 _aHandschrift
653 _aHenneberg, Richard; Schauspieler, Theaterregisseur, [1897? - 1959?]
700 1 _aHenneberg, Richard
_eRegie
942 _2z
_cB
999 _c76822
_d76822